Célébrités déguisées en père noël - Statistiques

Statistiques générales
  • Ce quiz a été pris 49 fois
  • Le résultat moyen est 6 sur 10
Statistiques - réponses
Par images Réponse % Correct
Mariah Carey
91%
Alain Chabat
84%
Barack Obama
79%
Gérard Jugnot
79%
Shakira
60%
David Beckham
56%
Teddy Riner
47%
Will Smith
33%
Jimi Hendrix
19%
Erling Haaland
5%
Aucun quiz correspondant
Distribution des résultats
% des personnes avec chaque résultat
Percentile par nombre de réponses
Votre historique - résultats
Vous n’avez pas pris ce quiz